Odgadnij kadrę po numerach - Niemcy - Statystyki

Ogólne statystyki
  • Ten quiz został rozwiązany 11 razy
  • Średni wynik to 3 z 26
Statystyki odpowiedzi
Numer na EURO Piłkarz % Poprawnych
1 Manuel Neuer
89%
2 Antonio Rudiger
44%
10 Jamal Musiala
44%
7 Kai Havertz
33%
17 Florian Wirtz
22%
9 Niclas Fullkrug
22%
8 Toni Kroos
22%
3 David Raum
11%
25 Emre Can
11%
4 Jonathan Tah
11%
6 Joshua Kimmich
11%
13 Thomas Muller
11%
20 Benjamin Henrichs
0%
11 Chris Fuhrich
0%
26 Deniz Undav
0%
21 Ilkay Gundogan
0%
19 Leroy Sane
0%
22 Marc Andre ter Stegen
0%
14 Maximilian Beier
0%
18 Maximilian Mittelstadt
0%
15 Nico Schlotterbeck
0%
12 Oliver Baumann
0%
5 Pascal Gross
0%
23 Robert Andrich
0%
24 Robin Koch
0%
16 Waldemar Anton
0%
Nie znaleziono quizów pasujących do podanych kryteriów
Rozkład punktacji
Procent ludzi z każdym wynikiem
Percentyl według liczby udzielonych odpowiedzi
Twoja historia wyników
Nie rozwiązałeś tego quizu